ბათუმის შოთა რუსთაველის სახელმწიფო უნივერსიტეტის ბიბლიოთეკა

ლექსები (ბიბ.ჩანაწერი № 41838)

000 -LEADER
fixed length control field 00573nam a2200205Ia 4500
001 - CONTROL NUMBER
control field 8521
003 - CONTROL NUMBER IDENTIFIER
control field GE_BSU
008 - FIXED-LENGTH DATA ELEMENTS--GENERAL INFORMATION
fixed length control field 181216s||||||||xx |||||||||||||| ||und||
040 ## - CATALOGING SOURCE
Transcribing agency GE_BSU
080 ## - UNIVERSAL DECIMAL CLASSIFICATION NUMBER
Universal Decimal Classification number 821.353.1-1
100 ## - MAIN ENTRY--PERSONAL NAME
Personal name ვარდოშვილი,ხარიტონ
245 ## - TITLE STATEMENT
Title ლექსები
245 ## - TITLE STATEMENT
Statement of responsibility, etc. რედ. ა. მაშაშვილი
260 ## - PUBLICATION, DISTRIBUTION, ETC.
Place of publication, distribution, etc. თბილისი
260 ## - PUBLICATION, DISTRIBUTION, ETC.
Name of publisher, distributor, etc. საბჭოთა მწერალი
260 ## - PUBLICATION, DISTRIBUTION, ETC.
Date of publication, distribution, etc. 1943
300 ## - PHYSICAL DESCRIPTION
Extent 52გვ.16სმ.
653 ## - INDEX TERM--UNCONTROLLED
Uncontrolled term ლექსები
942 ## - ADDED ENTRY ELEMENTS (KOHA)
Koha item type წიგნი
ეგზემპლარები
Withdrawn status Lost status Damaged status Not for loan Date acquired Barcode Date last seen Price effective from Koha item type
        2018-12-17 30669 2018-12-17 2018-12-17 წიგნი
        2018-12-17 30670 2018-12-17 2018-12-17 წიგნი
        2018-12-17 30671 2018-12-17 2018-12-17 წიგნი
        2018-12-17 30672 2018-12-17 2018-12-17 წიგნი
        2018-12-17 30673 2018-12-17 2018-12-17 წიგნი